| 000 | 00451nam a22001817a 4500 | ||
|---|---|---|---|
| 005 | 20241219003029.0 | ||
| 008 | 241218b |||||||| |||| 00| 0 eng d | ||
| 082 |
_25571 _a305 _bKHA |
||
| 100 | _aSalahuddin, K | ||
| 100 | _aShamim, I | ||
| 245 |
_aRural Women in Poverty _bNGO Interventions for Alleviation |
||
| 260 |
_aDhaka _bWomen for Women _c1996 |
||
| 300 | _a218 p., | ||
| 650 | _aWomen | ||
| 650 | _aPoverty | ||
| 650 | _aRural | ||
| 942 | _cL | ||
| 999 |
_c5942 _d5942 |
||